[Event "Open Usti n/L 2023"]
[Site "?"]
[Date "2023.08.30"]
[Round "1.9"]
[White "Peroutka, Simon"]
[Black "Kriz, Denis"]
[Result "1-0"]
[WhiteElo "1753"]
[BlackElo "1000"]
[PlyCount "65"]
[SourceVersionDate "2023.08.30"]

1. e4 e6 2. d4 d5 3. e5 b6 4. Nf3 Ba6 5. Bxa6 Nxa6 6. c3 Qd7 7. Qd3 Nb8 8. O-O
c5 9. Bg5 c4 10. Qe2 Be7 11. Nbd2 Qd8 12. Bxe7 Qxe7 13. b3 b5 14. a4 Qd7 15.
axb5 cxb3 16. Nxb3 Ne7 17. Nc5 Qd8 18. Rfb1 Nc8 19. Ne1 Nb6 20. Nb7 Qc7 21.
Nd6+ Ke7 22. Nd3 N8d7 23. Nb4 Nb8 24. Qh5 g6 25. Qh4+ Kd7 26. Nxf7 Rf8 27. Qxh7
Ke8 28. Nd6+ Kd8 29. Qxg6 Qxc3 30. Qxe6 Qxd4 31. Nf7+ Kc7 32. Rc1+ Kb7 33. Nd6#
1-0

[Event "Open Usti n/L 2023"]
[Site "?"]
[Date "2023.08.30"]
[Round "1.1"]
[White "Buchcar, Tomas"]
[Black "Hrbek, Jachym"]
[Result "1/2-1/2"]
[WhiteElo "2167"]
[BlackElo "1705"]
[PlyCount "123"]
[EventDate "2023.??.??"]
[SourceVersionDate "2023.08.30"]

1. d4 Nf6 2. c3 e6 3. Bg5 d5 4. Nd2 Nbd7 5. e3 Bd6 6. f4 h6 7. Bxf6 Qxf6 8.
Ngf3 Nf8 9. Bd3 g5 10. g3 gxf4 11. exf4 Bd7 12. Qe2 O-O-O 13. O-O-O Ng6 14. Ne5
Qg7 15. Qh5 Nxe5 16. fxe5 Be7 17. Rhf1 f6 18. exf6 Bxf6 19. Rde1 Bg5 20. Qg6
Qxg6 21. Bxg6 Rhf8 22. h4 Rg8 23. hxg5 Rxg6 24. gxh6 Rxh6 25. Rh1 Rg6 26. Reg1
Rdg8 27. Nf3 Kd8 28. Kd2 Rxg3 29. Ke3 Rg2 30. Rxg2 Rxg2 31. Rh2 Rxh2 32. Nxh2
Ke7 33. Kf4 Kd6 34. Nf3 b6 35. Kg5 Ke7 36. Kg6 c5 37. Ne5 cxd4 38. cxd4 Be8+
39. Kg7 a5 40. a3 Bh5 41. Nd3 Be8 42. Ne5 Bh5 43. Kh6 Be8 44. Kg5 Bf7 45. Ng4
Be8 46. Nh6 Bf7 47. Kf4 Bg6 48. Ke5 Bh7 49. Ng4 Bg8 50. Nf2 Bh7 51. Nd1 Bd3 52.
Nc3 b5 53. b4 axb4 54. axb4 Bc4 55. Nb1 Bd3 56. Nd2 Bc4 57. Nf3 Bd3 58. Ng1 Bf1
59. Nf3 Bd3 60. Kf4 Kf6 61. Ne5 Be2 62. Nd7+ 1/2-1/2

[Event "Open Usti n/L 2023"]
[Site "?"]
[Date "2023.08.30"]
[Round "1.6"]
[White "Jakoubek, Stepan"]
[Black "Veverka, Vladimir"]
[Result "0-1"]
[WhiteElo "1246"]
[BlackElo "1851"]
[PlyCount "44"]
[SourceVersionDate "2023.08.30"]

1. e4 e6 2. d4 d5 3. e5 c5 4. Nf3 Nc6 5. Bb5 Qb6 6. Bxc6+ bxc6 7. c3 Ba6 8. Qb3
cxd4 9. Qxb6 axb6 10. cxd4 Ne7 11. Nc3 c5 12. Be3 Nf5 13. a3 Be7 14. Rc1 Rb8
15. Ne2 O-O 16. Rc2 Rfc8 17. Rd2 Bxe2 18. Rxe2 cxd4 19. Bxd4 Nxd4 20. Nxd4 Rc1+
21. Kd2 Rxh1 22. h3 Rc8 0-1

[Event "Open Usti n/L 2023"]
[Site "?"]
[Date "2023.08.30"]
[Round "1.2"]
[White "Kucera, Bohuslav"]
[Black "Jirasko, Miroslav"]
[Result "0-1"]
[WhiteElo "1703"]
[BlackElo "2082"]
[PlyCount "64"]
[SourceVersionDate "2023.08.30"]

1. c4 Nf6 2. Nc3 g6 3. e3 Bg7 4. d4 O-O 5. Nf3 d6 6. Be2 Nbd7 7. O-O e5 8. dxe5
dxe5 9. e4 c6 10. Bg5 Qc7 11. Qc2 Nc5 12. Bxf6 Bxf6 13. b4 Ne6 14. Rad1 a5 15.
b5 Nd4 16. Qb2 Bg7 17. h3 Be6 18. Rc1 Bh6 19. Nxd4 exd4 20. Nd5 cxd5 21. cxd5
Bxc1 22. Rxc1 Qf4 23. dxe6 fxe6 24. Bc4 Qxe4 25. Qd2 Rae8 26. Re1 Qf4 27. Qb2
Kg7 28. g3 Qd6 29. f4 e5 30. Re4 Qc5 31. Bd3 exf4 32. Rxd4 Rd8 0-1

[Event "Open Usti n/L 2023"]
[Site "?"]
[Date "2023.08.30"]
[Round "1.3"]
[White "Hadraba, Vladimir"]
[Black "Urbansky, Stepan"]
[Result "1-0"]
[WhiteElo "2012"]
[BlackElo "1631"]
[PlyCount "87"]
[SourceVersionDate "2023.08.30"]

1. e4 c5 2. Nf3 d6 3. c3 Nf6 4. Bd3 Nc6 5. O-O Bg4 6. h3 Bh5 7. Re1 e6 8. g4
Bg6 9. Bc2 Be7 10. d4 cxd4 11. cxd4 d5 12. e5 Bxc2 13. Qxc2 Ne4 14. Nc3 Bb4 15.
Nxe4 dxe4 16. Rxe4 O-O 17. Qb3 a5 18. Bg5 a4 19. Qc4 Qb6 20. Rd1 Be7 21. Bxe7
Nxe7 22. Qc5 Qxb2 23. Qxe7 Qxa2 24. Qb4 b5 25. Re3 Rfb8 26. Rc1 Rc8 27. Rec3
Rxc3 28. Rxc3 h6 29. Ne1 Qa1 30. Kg2 Qxe1 31. Rc8+ Rxc8 32. Qxe1 Ra8 33. Kf3 a3
34. Ke2 Ra4 35. Kd3 a2 36. Qa1 Ra3+ 37. Kc2 Rf3 38. Qe1 b4 39. Kb2 b3 40. h4
Kf8 41. h5 Ke8 42. Qe2 Rh3 43. Qb5+ Kf8 44. Qb8+ 1-0

[Event "Open Usti n/L 2023"]
[Site "?"]
[Date "2023.08.30"]
[Round "1.7"]
[White "Mrkvan, Frantisek"]
[Black "Herichova, Agata"]
[Result "1-0"]
[WhiteElo "1815"]
[BlackElo "1000"]
[PlyCount "85"]
[SourceVersionDate "2023.08.30"]

1. e4 c5 2. Nf3 d6 3. d4 cxd4 4. Nxd4 Nf6 5. Nc3 a6 6. Be3 Ng4 7. Qd2 Nxe3 8.
Qxe3 e6 9. Bd3 Be7 10. O-O O-O 11. Nf3 Nc6 12. a3 Bd7 13. Rad1 Qc7 14. Ne2 Rac8
15. c3 h6 16. Nd2 e5 17. Nf3 Be6 18. b4 b5 19. Rc1 Rfd8 20. c4 Bf8 21. cxb5
axb5 22. Bxb5 Bd7 23. Bxc6 Bxc6 24. b5 Qb7 25. bxc6 Rxc6 26. Rxc6 Qxc6 27. Rd1
Be7 28. Ng3 Qc7 29. Nf5 h5 30. Nxe7+ Qxe7 31. h3 g6 32. Qb3 Kg7 33. Qd5 f6 34.
a4 Qd7 35. a5 Qe8 36. a6 Qf8 37. Rb1 Ra8 38. Rb6 Qd8 39. Qxd6 Qc8 40. Qxf6+ Kh7
41. Ng5+ Kg8 42. Qf7+ Kh8 43. Qh7# 1-0

[Event "Open Usti n/L 2023"]
[Site "?"]
[Date "2023.08.30"]
[Round "1.5"]
[White "Pospichal, Michael"]
[Black "Poliakov, Ivan"]
[Result "1-0"]
[WhiteElo "1896"]
[BlackElo "1309"]
[PlyCount "53"]
[SourceVersionDate "2023.08.30"]

1. Nf3 Nf6 2. g3 g6 3. Bg2 Bg7 4. O-O O-O 5. c4 d6 6. Nc3 Nbd7 7. b4 e5 8. Bb2
c5 9. Qb3 Rb8 10. Nb5 cxb4 11. Nxd6 e4 12. Nxf7 Rxf7 13. Ng5 Nc5 14. Qxb4 Rc7
15. Be5 Nd5 16. Bxc7 Qxc7 17. cxd5 Bxa1 18. Rxa1 Qe5 19. Rc1 Na6 20. Qxe4 Qxg5
21. Qe8+ Kg7 22. Rxc8 Rxc8 23. Qxc8 Qe7 24. d6 Qxd6 25. Qxb7+ Kh6 26. Qxa7 Nb4
27. Qe3+ 1-0

[Event "Open Usti n/L 2023"]
[Site "?"]
[Date "2023.08.30"]
[Round "1.4"]
[White "Helinger, Jan"]
[Black "Lieber, Lukas"]
[Result "0-1"]
[WhiteElo "1576"]
[BlackElo "1987"]
[PlyCount "24"]
[EventDate "2023.??.??"]
[SourceVersionDate "2023.08.30"]

1. d4 d5 2. c4 e6 3. Nc3 c5 4. Nf3 Nf6 5. Bg5 cxd4 6. Qxd4 Nc6 7. Qd1 d4 8. Ne4
Nxe4 9. Bxd8 Bb4+ 10. Nd2 Bxd2+ 11. Qxd2 Nxd2 12. Kxd2 Kxd8 0-1

[Event "Open Usti n/L 2023"]
[Site "?"]
[Date "2023.08.30"]
[Round "1.8"]
[White "Krsek, Tomas"]
[Black "Bazantova, Marie"]
[Result "1/2-1/2"]
[WhiteElo "1000"]
[BlackElo "1779"]
[PlyCount "60"]
[EventDate "2023.??.??"]
[SourceVersionDate "2023.08.30"]

1. e4 e5 2. Nf3 Nc6 3. Bc4 Be7 4. c3 Nf6 5. d3 O-O 6. O-O d5 7. exd5 Nxd5 8.
Qb3 Nb6 9. Be3 Nxc4 10. dxc4 Be6 11. Nbd2 Qc8 12. Qc2 f5 13. Bg5 Qe8 14. Rfe1
e4 15. Bxe7 Qxe7 16. Nd4 Bd7 17. Re3 Qf6 18. N2b3 Ne5 19. Nd2 Ng4 20. Re2 Qd6
21. g3 c5 22. Nb5 Qh6 23. f3 exf3 24. Nxf3 Bc6 25. Ne5 Nxe5 26. Rxe5 Be4 27.
Qf2 b6 28. Re1 Qf6 29. R5xe4 fxe4 30. Qg2 Rad8 1/2-1/2

[Event "Open Usti n/L 2023"]
[Site "?"]
[Date "2023.08.30"]
[Round "1.10"]
[White "Litos, Ondrej"]
[Black "Mikulka, Martin Michael"]
[Result "0-1"]
[WhiteElo "1000"]
[BlackElo "1725"]
[Annotator "Simon"]
[PlyCount "42"]
[EventDate "2023.??.??"]
[SourceVersionDate "2023.08.30"]

{[%evp 0,22,19,38,72,47,46,42,33,20,27,47,50,26,6,-20,-29,-28,-16,-72,-71,-56,
-58,-81,-93]} 1. e4 c5 2. Nf3 e6 3. d4 cxd4 4. Nxd4 Nf6 5. Nc3 Nc6 6. Nxc6 bxc6
7. Bc4 d5 8. exd5 cxd5 9. Bb3 Bd6 10. Be3 O-O 11. Qf3 Bd7 12. O-O-O a5 13. a3
Qc7 14. Kb1 a4 15. Ba2 Rfb8 16. Bg5 Bxa3 17. Nb5 Rxb5 18. Qxa3 Rab8 19. b3 axb3
20. cxb3 Ne4 21. Bh4 Nc3+ {not finished} 0-1

[Event "Open Usti n/L 2023"]
[Site "?"]
[Date "2023.08.31"]
[Round "2.1"]
[White "Jirasko, Miroslav"]
[Black "Mrkvan, Frantisek"]
[Result "1-0"]
[WhiteElo "2082"]
[BlackElo "1815"]
[PlyCount "65"]
[EventDate "2023.??.??"]
[SourceVersionDate "2023.08.30"]

1. e4 c5 2. Nf3 e6 3. c4 Nc6 4. Nc3 d6 5. d4 cxd4 6. Nxd4 Nf6 7. Be2 Be7 8. O-O
O-O 9. Be3 e5 10. Nc2 Be6 11. f3 Ne8 12. Qd2 f5 13. exf5 Bxf5 14. Bd3 Be6 15.
f4 Qd7 16. Be4 Nf6 17. Bd5 Bxd5 18. Nxd5 Ng4 19. fxe5 Ngxe5 20. Bf4 h6 21. Rad1
Rad8 22. Nd4 Bf6 23. Nxc6 Nxc6 24. Bxh6 Bd4+ 25. Be3 Bxe3+ 26. Qxe3 Ne5 27. Qg5
Qe6 28. Ne7+ Kh7 29. Qh4+ Qh6 30. Qxh6+ Kxh6 31. Rxf8 Rxf8 32. Rxd6+ g6 33. Re6
1-0

[Event "Open Usti n/L 2023"]
[Site "?"]
[Date "2023.08.31"]
[Round "2.2"]
[White "Veverka, Vladimir"]
[Black "Hadraba, Vladimir"]
[Result "1/2-1/2"]
[WhiteElo "1851"]
[BlackElo "2012"]
[PlyCount "62"]
[EventDate "2023.??.??"]
[SourceVersionDate "2023.08.30"]

1. d4 Nf6 2. c4 g6 3. Nc3 Bg7 4. e4 d6 5. Nf3 O-O 6. Be2 Nbd7 7. O-O e5 8. dxe5
dxe5 9. Qc2 c6 10. b4 Re8 11. Rd1 Nh5 12. Rb1 Nf4 13. Bxf4 exf4 14. Nd2 Qf6 15.
Na4 Ne5 16. c5 Be6 17. f3 Rad8 18. Nc4 Nxc4 19. Bxc4 Rd4 20. Bxe6 fxe6 21. a3
Red8 22. Nb2 Rxd1+ 23. Rxd1 Rxd1+ 24. Nxd1 Qd4+ 25. Kf1 Bf6 26. g3 g5 27. g4
Kf7 28. Ke2 Qg1 29. Kd3 Qd4+ 30. Ke2 Qg1 31. Kd3 Qd4+ 1/2-1/2

[Event "Open Usti n/L 2023"]
[Site "?"]
[Date "2023.08.31"]
[Round "2.3"]
[White "Lieber, Lukas"]
[Black "Peroutka, Simon"]
[Result "1/2-1/2"]
[WhiteElo "1987"]
[BlackElo "1753"]
[PlyCount "62"]
[EventDate "2023.??.??"]
[SourceVersionDate "2023.08.30"]

1. Nf3 c5 2. c4 g6 3. e4 Bg7 4. d4 cxd4 5. Nxd4 Nf6 6. f3 Nc6 7. Nc2 Qb6 8. Nc3
a6 9. Rb1 d6 10. Be3 Qc7 11. Be2 Ne5 12. Qd4 O-O 13. b3 Bd7 14. Qd2 Rfc8 15.
Nb4 Bc6 16. O-O Qa5 17. Nc2 Rab8 18. b4 Qc7 19. b5 axb5 20. cxb5 Bxb5 21. Bd4
Nc4 22. Bxc4 Bxc4 23. Rfc1 b5 24. Na3 b4 25. Ncb5 Qa5 26. Nxd6 Qxa3 27. Nxc8
Rxc8 28. Rxb4 Nxe4 29. Rcxc4 Rxc4 30. Rb8+ Bf8 31. fxe4 Qc1+ 1/2-1/2

[Event "Open Usti n/L 2023"]
[Site "?"]
[Date "2023.08.31"]
[Round "2.4"]
[White "Zikranets, Bohdan"]
[Black "Pospichal, Michael"]
[Result "0-1"]
[WhiteElo "1000"]
[BlackElo "1896"]
[PlyCount "48"]
[EventDate "2023.??.??"]
[SourceVersionDate "2023.08.30"]

1. d4 Nf6 2. c4 g6 3. Nc3 Bg7 4. e3 O-O 5. Nf3 c5 6. Be2 cxd4 7. exd4 d5 8. Bg5
dxc4 9. Bxc4 a6 10. O-O b5 11. Bb3 Bb7 12. Re1 Nbd7 13. h3 h6 14. Bh4 Nb6 15.
Qd3 Bxf3 16. Bxf6 Bxf6 17. Qxg6+ Bg7 18. gxf3 e6 19. Qg4 Qxd4 20. Ne4 Kh8 21.
Nc3 Qd2 22. Re2 Qd7 23. Ne4 Qc7 24. Qg3 Rg8 0-1

[Event "Open Usti n/L 2023"]
[Site "?"]
[Date "2023.08.31"]
[Round "2.5"]
[White "Mikulka, Martin Michael"]
[Black "Buchcar, Tomas"]
[Result "1/2-1/2"]
[WhiteElo "1725"]
[BlackElo "2167"]
[Annotator "Simon"]
[PlyCount "97"]
[EventDate "2023.??.??"]
[SourceVersionDate "2023.08.30"]

{[%evp 0,91,30,11,63,63,74,28,58,56,45,61,63,58,54,54,64,42,45,29,40,22,19,23,
19,-4,13,-33,18,12,4,-8,40,12,7,148,245,-48,-36,-31,-10,0,0,0,-16,-14,30,25,50,
22,29,39,43,53,55,53,53,47,106,99,141,102,106,91,143,126,125,116,125,111,89,68,
81,69,66,66,66,66,66,66,102,86,92,11,11,11,83,25,180,180,230,25,33,17]} 1. e4
c6 2. d4 d5 3. f3 g6 4. Nc3 Bg7 5. Be3 e6 6. Qd2 b5 7. a3 a5 8. g4 h5 9. gxh5
Rxh5 10. Nge2 Nd7 11. Nf4 Rh8 12. Bd3 Nb6 13. b3 Nf6 14. e5 Nh5 15. Nce2 Bd7
16. Nxh5 Rxh5 17. Nf4 Rh6 18. h4 Rxh4 19. O-O-O Rxh1 20. Rxh1 Qe7 21. Kb2 Bf8
22. Ra1 O-O-O 23. Be2 Kc7 24. Nd3 Ra8 25. Bg5 Qe8 26. Rh1 Bg7 27. Qe1 Bc8 28.
Rh7 Qg8 29. Qh4 Nd7 30. Bf6 Bxf6 31. exf6 Ba6 32. Rg7 Qf8 33. Qh7 Qh8 34. Rxf7
Qxh7 35. Rxh7 Kd6 36. f4 Rf8 37. Ne5 Bc8 38. f7 Nxe5 39. fxe5+ Ke7 40. Bd3 Rxf7
41. Bxg6 Rxh7 42. Bxh7 Kf7 43. Bd3 Kg7 44. Kc3 Bd7 45. Kd2 Kh6 46. Ke3 Kg5 47.
Kf3 Be8 48. Kg3 Bh5 49. b4 1/2-1/2

[Event "Open Usti n/L 2023"]
[Site "?"]
[Date "2023.08.31"]
[Round "2.6"]
[White "Hrbek, Jachym"]
[Black "Krsek, Tomas"]
[Result "1-0"]
[WhiteElo "1705"]
[BlackElo "1000"]
[PlyCount "59"]
[EventDate "2023.??.??"]
[SourceVersionDate "2023.08.30"]

1. e4 e5 2. Bc4 Nc6 3. Nc3 Nf6 4. d3 Bc5 5. f4 d6 6. Nf3 Bd7 7. f5 O-O 8. Bg5
h6 9. Bh4 Ne7 10. Bxf6 gxf6 11. Nh4 Kh7 12. Qh5 Be8 13. Rf1 c6 14. Rf3 d5 15.
Bb3 Rg8 16. Rh3 Rg5 17. Qe2 Qb6 18. Qd2 Bb4 19. Nf3 d4 20. Nxg5+ fxg5 21. Qxg5
Ng8 22. f6 Bf8 23. Ne2 Qd8 24. Qf5+ Kh8 25. Rf3 Bd7 26. Qxe5 Bg4 27. Rf1 c5 28.
Qg3 Bxe2 29. Bxf7 Bd6 30. Qg7# 1-0

[Event "Open Usti n/L 2023"]
[Site "?"]
[Date "2023.08.31"]
[Round "2.7"]
[White "Bazantova, Marie"]
[Black "Veltrusky, Petr"]
[Result "1-0"]
[WhiteElo "1779"]
[BlackElo "1791"]
[PlyCount "167"]
[EventDate "2023.??.??"]
[SourceVersionDate "2023.08.30"]

1. e4 d6 2. d4 Nf6 3. Nc3 g6 4. f4 c6 5. Nf3 Bg7 6. Bd3 O-O 7. a4 b6 8. O-O Ba6
9. Bxa6 Nxa6 10. Qe2 Nc7 11. Bd2 a6 12. Rad1 b5 13. e5 Nfd5 14. Nxd5 Nxd5 15.
axb5 axb5 16. Ng5 Qb6 17. Qf2 h6 18. Ne4 f5 19. Nc3 Nc7 20. Be3 b4 21. Ne2 Nd5
22. Bd2 Ra2 23. Rb1 Qc7 24. Nc1 Ra7 25. Nd3 Rb8 26. Kh1 Kh7 27. Rfe1 Ra5 28.
exd6 exd6 29. Re6 Nf6 30. Qe1 Ra7 31. Bxb4 Ne4 32. g4 Qd7 33. gxf5 gxf5 34.
Rxe4 fxe4 35. Qxe4+ Kh8 36. Qg6 c5 37. Bd2 Qb7+ 38. Qg2 Bxd4 39. c3 Bf6 40.
Qxb7 Raxb7 41. Kg2 Re7 42. Re1 Rbb7 43. Rxe7 Rxe7 44. Kf3 Kh7 45. Nf2 Kg6 46.
Ng4 Bg7 47. Ne3 Rb7 48. Bc1 Bf8 49. Ke4 Re7+ 50. Kf3 h5 51. Bd2 Rb7 52. Bc1 Kf6
53. Ke4 Ke6 54. f5+ Kd7 55. Nd5 Ra7 56. c4 Ra1 57. Bd2 Rh1 58. Bf4 Rb1 59. Nf6+
Kc6 60. Nxh5 Rxb2 61. Nf6 Bg7 62. Nd5 Re2+ 63. Kd3 Ra2 64. f6 Bf8 65. Ke4 Kd7
66. Kf5 Rg2 67. h4 Rg1 68. h5 Rh1 69. Kg6 Ke8 70. f7+ Kd7 71. Nf6+ Ke6 72. Nh7
Rg1+ 73. Bg5 Be7 74. f8=Q Bxf8 75. Nxf8+ Ke5 76. h6 Rh1 77. Bf6+ Ke4 78. Nd7
Rg1+ 79. Kf7 Kd3 80. Nb6 Rh1 81. Bg7 Rb1 82. h7 Rh1 83. h8=Q Rxh8 84. Bxh8 1-0

[Event "Open Usti n/L 2023"]
[Site "?"]
[Date "2023.08.31"]
[Round "2.8"]
[White "Herichova, Agata"]
[Black "Kucera, Bohuslav"]
[Result "0-1"]
[WhiteElo "1000"]
[BlackElo "1703"]
[Annotator "Simon"]
[PlyCount "60"]
[EventDate "2023.??.??"]
[SourceVersionDate "2023.08.30"]

{[%evp 0,60,19,17,74,76,70,66,72,43,38,30,28,17,68,61,84,79,92,38,40,46,49,52,
62,53,52,4,3,-45,-41,-58,-38,-56,-34,-101,-54,-98,-66,-51,-67,-49,-41,-168,-87,
-87,-49,-87,-36,-33,-31,-75,-49,-235,-235,-237,-237,-2886,-2644,-1749,-1865,
-29993,-29994]} 1. e4 c6 2. d4 d5 3. e5 c5 4. c3 Nc6 5. Be2 Bf5 6. Nf3 cxd4 7.
Nxd4 Nxd4 8. cxd4 a6 9. O-O e6 10. a3 Ne7 11. Nc3 Nc6 12. Be3 Be7 13. h3 O-O
14. Qd2 Na5 15. Bd1 Nc4 16. Qc1 b5 17. b4 Nxe3 18. fxe3 Rc8 19. Qd2 f6 20. exf6
Bxf6 21. Bc2 Bxc2 22. Qxc2 Qd6 23. Rae1 Rc7 24. Qd3 Rcf7 25. Re2 Bd8 26. Ref2
Bc7 27. Rf4 g5 28. R4f3 Qh2+ 29. Kf2 Rxf3+ 30. Ke2 Qxg2+ 0-1

[Event "Open Usti n/L 2023"]
[Site "?"]
[Date "2023.08.31"]
[Round "2.9"]
[White "Urbansky, Stepan"]
[Black "Jakoubek, Stepan"]
[Result "1/2-1/2"]
[WhiteElo "1631"]
[BlackElo "1246"]
[PlyCount "129"]
[EventDate "2023.??.??"]
[SourceVersionDate "2023.08.30"]

1. h4 e5 2. c4 Nc6 3. Nc3 Bc5 4. Nf3 d6 5. e3 Bg4 6. Be2 Nf6 7. d4 Bb6 8. d5
Ne7 9. e4 Ba5 10. Qd3 h6 11. Be3 Ng6 12. g3 Nf8 13. O-O N8d7 14. Na4 Bh3 15.
Rfc1 Ng4 16. c5 Nxe3 17. Qxe3 dxc5 18. Nxc5 Nxc5 19. Qxc5 Bb6 20. Qb5+ Bd7 21.
Qb4 Qf6 22. Qc3 Bg4 23. Rc2 Bxf3 24. Qxf3 Qe7 25. Bb5+ Kf8 26. h5 Qg5 27. a4 a5
28. Rd1 Qe7 29. Qf5 Qd6 30. Kf1 Rd8 31. Rc4 c6 32. Bxc6 bxc6 33. Rxc6 Qxc6 34.
dxc6 Rxd1+ 35. Kg2 Rd8 36. Qxe5 Rc8 37. Qb5 Bc7 38. Qb7 Ke7 39. b4 axb4 40.
Qxb4+ Bd6 41. Qc4 Rc7 42. f4 f6 43. f5 Kd8 44. a5 Re8 45. Qd4 Ke7 46. a6 Ra8
47. Qd5 Be5 48. Qc5+ Ke8 49. Qb6 Raa7 50. Qb8+ Ke7 51. Qg8 Rxa6 52. Qxg7+ Kd6
53. Qxh6 Rcxc6 54. Qf8+ Kc7 55. h6 Ra2+ 56. Kh3 Rcc2 57. Qf7+ Kc6 58. Qd5+ Kb6
59. Qb3+ Kc7 60. Qxc2+ Rxc2 61. h7 Rc1 62. Kg2 Rc2+ 63. Kg1 Bd4+ 64. Kh1 Rc1+
65. Kh2 1/2-1/2

[Event "Open Usti n/L 2023"]
[Site "?"]
[Date "2023.08.31"]
[Round "2.10"]
[White "Kriz, Denis"]
[Black "Helinger, Jan"]
[Result "1-0"]
[WhiteElo "1000"]
[BlackElo "1576"]
[PlyCount "33"]
[EventDate "2023.??.??"]
[SourceVersionDate "2023.08.30"]

1. d4 d5 2. c4 e6 3. Nf3 Nf6 4. g3 c6 5. Bg2 Bb4+ 6. Nc3 h6 7. Bd2 O-O 8. O-O
Re8 9. Ne5 Bd6 10. f4 dxc4 11. Nxc4 Bc7 12. e3 Nbd7 13. Ne4 Nd5 14. Ned6 Bxd6
15. Nxd6 Re7 16. e4 Qc7 17. Nxc8 1-0

[Event "Open Usti n/L 2023"]
[Site "?"]
[Date "2023.08.31"]
[Round "2.11"]
[White "Poliakov, Ivan"]
[Black "Litos, Ondrej"]
[Result "0-1"]
[WhiteElo "1309"]
[BlackElo "1000"]
[PlyCount "86"]
[EventDate "2023.??.??"]
[SourceVersionDate "2023.08.30"]

1. d4 d5 2. Nf3 c5 3. e3 e6 4. Nbd2 a6 5. c3 c4 6. Be2 Nf6 7. O-O Bd6 8. b3 Ne4
9. Nxe4 dxe4 10. Nd2 cxb3 11. axb3 Qc7 12. Nxe4 Bxh2+ 13. Kh1 f5 14. Nc5 b6 15.
Na4 Bd6 16. Bd2 Bb7 17. Bf3 O-O 18. Kg1 Nd7 19. Qe2 e5 20. Bxb7 Qxb7 21. Nb2 a5
22. Nc4 Bc7 23. dxe5 Nxe5 24. Rab1 Rad8 25. Rfd1 b5 26. Nxe5 Bxe5 27. c4 b4 28.
f4 Bf6 29. Bc1 Rxd1+ 30. Qxd1 Rd8 31. Qe2 Qe4 32. Qa2 Rd1+ 33. Kh2 Bd4 34. exd4
Rxc1 35. Rxc1 Qxf4+ 36. g3 Qxc1 37. Qa4 Kf8 38. Qxa5 Qh6+ 39. Kg1 Qc1+ 40. Kh2
Qh6+ 41. Kg2 Qd2+ 42. Kf3 Qd3+ 43. Kf4 Qe4+ 0-1

[Event "Open Usti n/L 2023"]
[Site "?"]
[Date "2023.09.01"]
[Round "3.1"]
[White "Pospichal, Michael"]
[Black "Jirasko, MIroslav"]
[Result "0-1"]
[WhiteElo "1896"]
[BlackElo "2082"]
[PlyCount "38"]
[EventDate "2023.??.??"]
[SourceVersionDate "2023.09.01"]

1. e4 c5 2. Nf3 Nc6 3. d4 cxd4 4. Nxd4 e5 5. Nb5 d6 6. c4 Be6 7. N1c3 a6 8. Na3
Nf6 9. Nc2 Rc8 10. Bd3 g6 11. Nd5 Bg7 12. Bg5 h6 13. Bd2 O-O 14. O-O Nh5 15. g4
Nf4 16. Nxf4 exf4 17. Bxf4 Bxb2 18. Rb1 Be5 19. Qf3 Qf6 0-1

[Event "Open Usti n/L 2023"]
[Site "?"]
[Date "2023.09.01"]
[Round "3.2"]
[White "Hadraba, Vladimir"]
[Black "Bazantova, Marie"]
[Result "1/2-1/2"]
[WhiteElo "2012"]
[BlackElo "1779"]
[PlyCount "61"]
[EventDate "2023.??.??"]
[SourceVersionDate "2023.09.01"]

1. e4 d5 2. exd5 Qxd5 3. Nc3 Qd6 4. d4 Nf6 5. Nf3 c6 6. h3 Bf5 7. Bd3 Bxd3 8.
Qxd3 e6 9. Be3 Nd5 10. O-O Nd7 11. Ne4 Qc7 12. c4 N5f6 13. Nxf6+ Nxf6 14. Ne5
Be7 15. f4 O-O 16. Rad1 Rad8 17. Qe2 Ne4 18. Qf3 f5 19. Rd3 Bf6 20. Rfd1 Bxe5
21. dxe5 b6 22. Bf2 a6 23. Qh5 Rxd3 24. Rxd3 Rd8 25. Qd1 Rxd3 26. Qxd3 Kf7 27.
Kf1 Qe7 28. a3 c5 29. Ke2 Qc7 30. Be1 a5 31. a4 1/2-1/2

[Event "Open Usti n/L 2023"]
[Site "?"]
[Date "2023.09.01"]
[Round "3.3"]
[White "Mikulka, Martin Michael"]
[Black "Lieber, Lukas"]
[Result "1-0"]
[WhiteElo "1725"]
[BlackElo "1987"]
[PlyCount "77"]
[EventDate "2023.??.??"]
[SourceVersionDate "2023.09.01"]

1. e4 c5 2. Nf3 d6 3. d4 cxd4 4. Nxd4 Nf6 5. Nc3 g6 6. Be3 Bg7 7. f3 O-O 8. Qd2
Nc6 9. O-O-O d5 10. exd5 Nxd5 11. Nxc6 bxc6 12. Bd4 Bxd4 13. Qxd4 Qb6 14. Nxd5
cxd5 15. Qxb6 axb6 16. a3 e6 17. Bd3 Bd7 18. h4 e5 19. h5 g5 20. Rhe1 Rfe8 21.
Bc4 d4 22. Re2 Rac8 23. Bd3 g4 24. Rde1 f6 25. f4 exf4 26. Rxe8+ Bxe8 27. Rf1
Rc5 28. Rxf4 Rg5 29. Rxf6 g3 30. h6 Bf7 31. Rxb6 Kf8 32. Bxh7 Bc4 33. Bg6 Rg4
34. Rb8+ Ke7 35. h7 Rf4 36. b3 Rf1+ 37. Kb2 d3 38. h8=Q d2 39. Qe5+ 1-0

[Event "Open Usti n/L 2023"]
[Site "?"]
[Date "2023.09.01"]
[Round "3.4"]
[White "Peroutka, Simon"]
[Black "Veverka, Vladimir"]
[Result "0-1"]
[WhiteElo "1753"]
[BlackElo "1851"]
[PlyCount "116"]
[EventDate "2023.??.??"]
[SourceVersionDate "2023.09.01"]

1. e4 c6 2. d4 d5 3. Nc3 dxe4 4. Nxe4 Bf5 5. Ng3 Bg6 6. h4 h6 7. h5 Bh7 8. Nf3
Nf6 9. Bc4 e6 10. c3 Bd6 11. Qe2 Nbd7 12. Ne5 Qe7 13. f4 O-O 14. Be3 c5 15. Rd1
Rac8 16. O-O Nb6 17. Bd3 Bxd3 18. Rxd3 Nbd5 19. dxc5 Bxc5 20. Bd4 Rfd8 21. Ne4
Nxe4 22. Qxe4 Nf6 23. Qe2 Bxd4+ 24. cxd4 Qb4 25. Rfd1 Rd5 26. Rb3 Qe7 27. Ra3
a6 28. Rc3 Rcd8 29. Rcd3 Qd6 30. Qf3 Qb6 31. Rb3 Qa7 32. Kh2 Rb5 33. g3 Rxb3
34. Qxb3 Nxh5 35. Nf3 b5 36. Qe3 Nf6 37. Ne5 Rd5 38. Qc3 Qb6 39. Qc8+ Rd8 40.
Qc3 Nd5 41. Qf3 Qc7 42. Qb3 Rc8 43. Rd2 Ne7 44. Qd3 f6 45. Nf3 Kf7 46. Re2 Qc4
47. Qe4 Qxa2 48. Qb7 Qd5 49. Qxa6 Rc6 50. Qa3 b4 51. Qe3 Nf5 52. Qd3 Rc1 53.
Re4 b3 54. g4 Rc2+ 55. Kh3 Nd6 56. Re2 Qc4 57. Qxc4 Nxc4 58. Re1 Rxb2 0-1

[Event "Open Usti n/L 2023"]
[Site "?"]
[Date "2023.09.01"]
[Round "3.5"]
[White "Mrkvan, Frantisek"]
[Black "Hrbek, Jachym"]
[Result "0-1"]
[WhiteElo "1815"]
[BlackElo "1705"]
[PlyCount "140"]
[EventDate "2023.??.??"]
[SourceVersionDate "2023.09.01"]

1. e4 c6 2. d4 d5 3. f3 e6 4. Nc3 Bb4 5. Bf4 dxe4 6. fxe4 Nf6 7. Qd3 c5 8. dxc5
Qxd3 9. cxd3 Nbd7 10. O-O-O O-O 11. Be2 Nxc5 12. Bg5 Nfd7 13. a3 Bxc3 14. bxc3
b6 15. Kc2 Bb7 16. Bf3 Rac8 17. Ne2 Ne5 18. Be7 Rfe8 19. Bxc5 bxc5 20. d4 cxd4
21. Rxd4 g6 22. Rhd1 Ba6 23. Ng3 Nc4 24. Kb3 Rb8+ 25. Ka2 Rb2+ 26. Ka1 Rb3 27.
Rd8 Rxa3+ 28. Kb1 Rxd8 29. Rxd8+ Kg7 30. Rd7 Bc8 31. Rd3 Ne5 32. Re3 Ba6 33.
Be2 Nc4 34. Rd3 Rb3+ 35. Ka2 Ra3+ 36. Kb1 Ne5 37. Re3 Bxe2 38. Nxe2 Ng4 39. Rh3
Ra4 40. Nd4 Nf2 41. Re3 e5 42. Nc6 Rxe4 43. Rf3 Re1+ 44. Kc2 Re2+ 45. Kc1 e4
46. Rg3 e3 47. Nd4 Nd3+ 48. Kb1 Re1+ 49. Kc2 Ne5 50. Nf5+ Kf6 51. Nxe3 Ke6 52.
Kd2 Rb1 53. Kc2 Rb7 54. Ng4 f5 55. Nxe5 Kxe5 56. Re3+ Kd5 57. Rd3+ Kc5 58. Rd4
a5 59. Ra4 Kb5 60. Rd4 Ra7 61. Kb3 a4+ 62. Ka3 Kc5 63. g3 g5 64. Rb4 Rf7 65.
Rxa4 f4 66. gxf4 gxf4 67. Re4 f3 68. Re1 Kc4 69. Kb2 f2 70. Rf1 Kd3 0-1

[Event "Open Usti n/L 2023"]
[Site "?"]
[Date "2023.09.01"]
[Round "3.6"]
[White "Buchcar, Tomas"]
[Black "Kriz, Denis"]
[Result "1-0"]
[WhiteElo "2167"]
[BlackElo "1000"]
[PlyCount "48"]
[EventDate "2023.??.??"]
[SourceVersionDate "2023.09.01"]

1. d4 Nf6 2. c4 g6 3. Nc3 Bg7 4. e4 d6 5. f3 O-O 6. Be3 e5 7. Nge2 c6 8. Qd2
Bd7 9. g4 b5 10. dxe5 dxe5 11. Ng3 a6 12. h4 Be6 13. Rh2 Qc7 14. O-O-O Nfd7 15.
h5 Nb6 16. c5 Nc4 17. Bxc4 Bxc4 18. b3 b4 19. Na4 Bb5 20. Nb6 Ra7 21. Qxb4 Qe7
22. Qd2 a5 23. a4 Ba6 24. Qd6 Rd8 1-0